MARC

LEADER 00000nam0a2200000 4500
001 202273
005 20231031185315.0
035 |a (RuTPU)RU\TPU\book\220428 
090 |a 202273 
100 |a 20111008d1990 km y0rusy50 ca 
101 0 |a rus 
102 |a RU 
105 |a y z 001zy 
200 1 |a Физика атомного ядра  |e материалы XXV зимней школы ЛИЯФ  |f Академия наук СССР (АН СССР), Ленинградский институт ядерной физики им. В. П. Константинова (ЛИЯФ) ; под ред. В. Е. Бунакова 
210 |a Ленинград  |c Изд-во Ленинградского ин-та ядерной физики  |d 1990 
215 |a 245 с.  |c ил. 
320 |a Библиогр.: с. 242-243. 
610 1 |a атомное ядро 
610 1 |a физика 
610 1 |a деление ядер 
675 |a 539.14(063)  |v 3 
702 1 |a Бунаков  |b В. Е.  |4 340 
712 0 2 |a Академия наук СССР (АН СССР)  |b Ленинградский институт ядерной физики им. В. П. Константинова (ЛИЯФ)  |c (Гатчина)  |2 stltpush  |3 (RuTPU)RU\TPU\col\7122 
801 1 |a RU  |b 63413507  |c 20111008 
801 2 |a RU  |b 63413507  |c 20190916  |g RCR 
942 |c BK